00939njm a2200265Ia 4500001000600000003000900006005001700015008004100032040001300073040001300086041001200099100001800111100001800129100003700147245001800184250001100202260001200213260006600225300001000291500001600301505016900317650004500486700008100531700006100612E1578IT-RoPAU20220918181145.0131025s9999 xx 000 0 und d aIT-RoPAU cIT-RoPAU aINGLESE aGabriel Peter eAutore musica gCodice autore musica SPICS: 8294 aPeter Gabriel a1a ed. aGERMANY bCHARISMA RECORDSc1980 [1a Ed.:1980 - Ed. Lingua Orig.: 1980] aDISCO aMusica pop. aIntruder - No Self Control - Start - I Don't Remember - Family Snapshot - And Through the Wire - Games Without Frontiers - Not One Of Us - Lead A Normal Life - Biko aPOP [DISCHI]eCodice MATERIA SPICS: 9950 aGabriel PetereAutore testo e musicagCodice autore testo/musica SPICS: 8294 aGabriel PetergCodice interprete SPICS: 8294eInterprete